Top 50 World Spotify - OCTOBER 2025 - Statistics

General Stats
  • This quiz has been taken 38 times
  • The average score is 29 of 50
Answer Stats
Song Artist % Correct
The Fate of Ophelia Taylor Swift
97%
Opalite Taylor Swift
97%
Elizabeth Taylor Taylor Swift
97%
Father Figure Taylor Swift
97%
Wi$h Li$t Taylor Swift
97%
Wood Taylor Swift
97%
Actually Romantic Taylor Swift
97%
CANCELLED! Taylor Swift
97%
Eldest Daughter Taylor Swift
97%
Ruin the Friendship Taylor Swift
97%
Honey Taylor Swift
97%
The Life of a Showgirl Taylor Swift/Sabrina Carpenter
97%
BIRDS OF FEATHER Billie Eilish
82%
WILDFLOWER Billie Eilish
82%
Tears Sabrina Carpenter
82%
Manchild Sabrina Carpenter
82%
Die With a Smile Lady Gaga/Bruno Mars
74%
APT Rose/Bruno Mars
74%
Beautiful Things Benson Boone
65%
Back to Friends sombr
56%
12 to 12 sombr
56%
undressed sombr
56%
Sweater Weather The Neighbourhood
56%
Golden HUNTRX/AUDREY NUNA/REI AMI/KPOP Demon Hunters/EJAE
53%
How It's Done HUNTRX/AUDREY NUNA/REI AMI/KPOP Demon Hunters/EJAE
53%
What It Sounds Like HUNTRX/AUDREY NUNA/REI AMI/KPOP Demon Hunters/EJAE
53%
Soda Pop Saja Boys/Andrew Choi/Neckwav/Danny Chung/KEVIN WOO/samUIL Lee/KPOP Demon Hunters
53%
Your Idol Saja Boys/Andrew Choi/Neckwav/Danny Chung/KEVIN WOO/samUIL Lee/KPOP Demon Hunters
53%
Iris The Goo Goo Dolls
53%
DAISIES Justin Bieber
50%
Gabriela KATSEYE
47%
One Of The Girls The Weeknd/JENNIE/Lily-Rose Depp
47%
Lose Control Teddy Swims
44%
Sugar On My Tongue Tyler/The Creator
44%
Ordinary Alex Warren
41%
The Night We Met Lord Huron
38%
Man I Need Olivia Dean
38%
So Easy Olivia Dean
38%
WHERE IS MY HUSBAND! RAYE
38%
My Old Ways Tame Impala
35%
Dracula Tame Impala
35%
TIF FOR TAT Tate McRae
35%
Sailor Song Gigi Perez
32%
Love Me Not Ravyn Lenae
32%
No Broke Boys Disco Lines/Tinashe
24%
Who Jimin
21%
EYES CLOSED JISOO/ZAYN
15%
PIXELATED KISSES Joji
12%
Don't Say You Love Me Jin
9%
La Plena W Sound/Beele/Ovy On The Drums
6%
No matching quizzes found
Score Distribution
Percent of People with Each Score
Percentile by Number Answered
Your Score History
You have not taken this quiz